Famous Billionaires - Statistics

General Stats
  • This quiz has been taken 67,522 times
    17,865 since last reset
  • The average score is 9 of 20
Answer Stats
Rank Net worth Nationality Clue Billionaire % Correct
1 244 bil Makes cars, rockets, and flamethrowers Elon Musk
98%
3 169 bil Founder of Amazon.com Jeff Bezos
90%
6 118 bil Co-founder of Microsoft Bill Gates
89%
7 115 bil Founder of Facebook Mark Zuckerberg
88%
558 5.1 bil Creator of "Star Wars" George Lucas
61%
584 4.8 bil Director of "E.T." and "Saving Private Ryan" Steven Spielberg
61%
1114 2.8 bil TV host who was the second richest African-American of the 20th century Oprah Winfrey
51%
5 119 bil Investor called "The Oracle of Omaha" Warren Buffett
48%
66 25 bil Founder of Ali Baba Jack Ma
43%
1071 2.9 bil Founder of Virgin Richard Branson
42%
442 6.2 bil Dallas Mavericks owner and "Shark Tank" host Mark Cuban
40%
13 96 bil Former New York mayor who spent lots of moneyon a failed bid to become President Michael Bloomberg
40%
139 13 bil Maker of stylish suits which bear his name Giorgio Armani
39%
99 18 bil Chairman of Fox Rupert Murdoch
33%
2 188 bil Every time someone buys a Louis Vuitton handbag, he gets slightly richer Bernard Arnault
23%
11 99 bil A telephone monopoly made him, at one time, the richest person in the world Carlos Slim
22%
4 148 bil Founder of Oracle who loves yachts Larry Ellison
17%
15 93 bil Owns the world's most expensive home – a 173 meter tall private skyscraper in Mumbai Mukesh Ambani
12%
12 97 bil Founder of Zara who was, very briefly, the richest person in the world Amancio Ortega
10%
79 22 bil SoftBank CEO who is famous for making big betsand losing huge amounts of money Masayoshi Son
6%
No matching quizzes found
Score Distribution
Percent of People with Each Score
Percentile by Number Answered
Your Score History
You have not taken this quiz since the last reset